000 00285nam a22001337a 4500
008 170719b xxu||||| |||| 00| 0 eng d
020 _a2901570753236
041 _aeng
080 _a2
100 _a24
101 _aTEO
245 _aSUBVERTING HATRED
_cSMITH, D.L
942 _2udc
_cBK
999 _c21551
_d21551